[Event "WSCC 50 Open 2017"]
[Site "?"]
[Date "2017.11.14"]
[Round "7"]
[White "Welling, Gerard"]
[Black "Biro, Sandor"]
[Result "0-1"]
[WhiteElo "2316"]
[BlackElo "2168"]
[PlyCount "60"]
[EventDate "2017.??.??"]
[EventType "swiss"]
[EventCountry "ITA"]
[SourceTitle "Acqui Terme"]
[TimeControl "40/5400+30:1800+30"]
[WhiteClock "0:02:21"]
[BlackClock "0:02:03"]

1. Nf3 {[%emt 0:00:00]} Nc6 {[%emt 0:03:38]} 2. b3 {[%emt 0:02:55]} e5 {[%emt 0:00:35]} 3. Bb2 {[%emt 0:00:15]} e4 {[%emt 0:02:43]} 4. Nd4 {[%emt 0:01:13]} Nf6 {[%emt 0:03:23]} 5. e3 {[%emt 0:00:37]} d5 {[%emt 0:01:35]} 6. Nxc6 {[%emt 0:01:36]} bxc6 {[%emt 0:00:07]} 7. c4 {[%emt 0:00:05]} Bd6 {[%emt 0:08:43]} 8. cxd5 {[%emt 0:03:46]} cxd5 {[%emt 0:04:45]} 9. Bb5+ {[%emt 0:02:17]} Kf8 {[%emt 0:05:34]} 10. Qc2 {[%emt 0:18:18]} c5 {[%emt 0:06:09]} 11. Nc3 {[%emt 0:28:40]} Bb7 {[%emt 0:03:54]} 12. Ne2 {[%emt 0:14:41]} a6 {[%emt 0:15:34]} 13. Ba4 {[%emt 0:00:10]} Rc8 {[%emt 0:01:14]} 14. Ng3 {[%emt 0:02:41]} Kg8 {[%emt 0:14:38]} 15. Qc3 {[%emt 0:03:19]} d4 {[%emt 0:00:47]} 16. Qc4 {[%emt 0:03:18]} Be5 {[%emt 0:10:51]} 17. O-O {[%emt 0:05:32]} h5 {[%emt 0:00:35]} 18. exd4 {[%emt 0:03:47]} cxd4 {[%emt 0:02:34]} 19. Qb4 {[%emt 0:00:06]} Rc7 {[%emt 0:01:37]} 20. Nf5 {[%emt 0:00:42]} Nd5 {[%emt 0:01:02]} 21. Qa5 {[%emt 0:00:23]} Qf6 {[%emt 0:03:05]} 22. Ng3 {[%emt 0:00:42]} Nf4 {[%emt 0:01:38]} 23. Bxd4 {[%emt 0:00:35]} Bxd4 {[%emt 0:00:47]} 24. Qxc7 {[%emt 0:00:02]} h4 {[%emt 0:00:30]} 25. Qxb7 {[%emt 0:00:45]} hxg3 {[%emt 0:01:28]} 26. Qa8+ {[%emt 0:00:34]} Kh7 {[%emt 0:00:10]} 27. Qxe4+ {[%emt 0:00:03]} g6 {[%emt 0:00:37]} 28. hxg3 {[%emt 0:00:28]} Nh5 {[%emt 0:02:59]} 29. Rac1 {[%emt 0:05:08]} Nxg3 {[%emt 0:00:37]} 30. Qf3 {[%emt 0:00:01]} Qh4 {[%emt 0:01:38]} 0-1

[Event "WSCC 50 Open 2017"]
[Site "?"]
[Date "2017.11.14"]
[Round "7"]
[White "Certek, Pavel"]
[Black "Luciani, Carlo"]
[Result "1/2-1/2"]
[WhiteElo "2295"]
[BlackElo "2232"]
[PlyCount "95"]
[EventDate "2017.??.??"]
[EventType "swiss"]
[EventCountry "ITA"]
[SourceTitle "Acqui Terme"]
[TimeControl "40/5400+30:1800+30"]
[WhiteClock "0:44:10"]
[BlackClock "0:21:51"]

1. Nf3 {[%emt 0:00:00]} Nf6 {[%emt 0:00:10]} 2. d4 {[%emt 0:00:00]} g6 {[%emt 0:00:20]} 3. g3 {[%emt 0:00:00]} Bg7 {[%emt 0:00:18]} 4. Bg2 {[%emt 0:00:00]} O-O {[%emt 0:00:20]} 5. b3 {[%emt 0:00:26]} d6 {[%emt 0:01:58]} 6. Bb2 {[%emt 0:01:25]} e5 {[%emt 0:00:45]} 7. dxe5 {[%emt 0:01:10]} Nfd7 {[%emt 0:00:57]} 8. O-O {[%emt 0:00:20]} dxe5 {[%emt 0:01:12]} 9. e4 {[%emt 0:04:47]} Na6 {[%emt 0:09:10]} 10. Nbd2 {[%emt 0:03:29]} Nac5 {[%emt 0:05:43]} 11. Re1 {[%emt 0:02:44]} Qe7 {[%emt 0:02:59]} 12. a4 {[%emt 0:01:51]} a5 {[%emt 0:00:15]} 13. Nc4 {[%emt 0:00:30]} Rd8 {[%emt 0:01:08]} 14. Qe2 {[%emt 0:06:35]} b6 {[%emt 0:09:32]} 15. Ba3 {[%emt 0:06:15]} Ba6 {[%emt 0:02:21]} 16. Bf1 {[%emt 0:08:48]} Bh6 {[%emt 0:04:18]} 17. Red1 {[%emt 0:05:00]} f6 {[%emt 0:09:55]} 18. Ne1 {[%emt 0:02:20]} Bf8 {[%emt 0:04:40]} 19. Qg4 {[%emt 0:01:46]} Qf7 {[%emt 0:05:46]} 20. Ne3 {[%emt 0:03:56]} Bxf1 {[%emt 0:00:58]} 21. Kxf1 {[%emt 0:00:28]} h5 {[%emt 0:04:12]} 22. Qf3 {[%emt 0:02:23]} Ne6 {[%emt 0:00:19]} 23. Bb2 {[%emt 0:05:24]} Bc5 {[%emt 0:04:15]} 24. Qe2 {[%emt 0:04:05]} Ng5 {[%emt 0:03:02]} 25. Nd5 {[%emt 0:02:14]} c6 {[%emt 0:02:13]} 26. Nc3 {[%emt 0:02:27]} Bd4 {[%emt 0:06:33]} 27. Nf3 {[%emt 0:01:26]} Nc5 {[%emt 0:03:56]} 28. Nxd4 {[%emt 0:03:50]} exd4 {[%emt 0:00:17]} 29. Na2 {[%emt 0:00:24]} d3 {[%emt 0:00:17]} 30. cxd3 {[%emt 0:00:44]} Nxb3 {[%emt 0:00:53]} 31. Rab1 {[%emt 0:00:46]} Nc5 {[%emt 0:02:06]} 32. Nc3 {[%emt 0:01:48]} Nge6 {[%emt 0:00:43]} 33. Qe3 {[%emt 0:01:34]} Qd7 {[%emt 0:07:24]} 34. Ne2 {[%emt 0:03:24]} Kg7 {[%emt 0:03:21]} 35. Ba1 {[%emt 0:01:09]} Nxa4 {[%emt 0:01:24]} 36. d4 {[%emt 0:00:06]} Ng5 {[%emt 0:01:48]} 37. d5 {[%emt 0:00:33]} Qh3+ {[%emt 0:01:05]} 38. Kg1 {[%emt 0:00:09]} Qg4 {[%emt 0:00:09]} 39. Nf4 {[%emt 0:01:36]} Kf7 {[%emt 0:01:01]} 40. Kg2 {[%emt 0:01:11]} Re8 {[%emt 0:30:38]} 41. f3 {[%emt 0:31:54]} Qd7 {[%emt 0:01:39]} 42. Qd4 {[%emt 0:01:27]} Re5 {[%emt 0:00:00]} 43. Qxa4 {[%emt 0:00:00]} Nxf3 {[%emt 0:00:00]} 44. dxc6 {[%emt 0:00:00]} Nh4+ {[%emt 0:00:00]} 45. Kf2 {[%emt 0:00:00]} Qg4 {[%emt 0:00:00]} 46. Qb3+ {[%emt 0:00:00]} Kg7 {[%emt 0:00:00]} 47. Bxe5 {[%emt 0:00:00]} fxe5 {[%emt 0:00:00]} 48. h3 {[%emt 0:00:00]} 1/2-1/2

[Event "WSCC 50 Open 2017"]
[Site "?"]
[Date "2017.11.14"]
[Round "7"]
[White "Prasad, Devaki V"]
[Black "Brongers, Henk"]
[Result "1-0"]
[WhiteElo "2290"]
[BlackElo "2022"]
[PlyCount "101"]
[EventDate "2017.??.??"]
[EventType "swiss"]
[EventCountry "ITA"]
[SourceTitle "Acqui Terme"]
[TimeControl "40/5400+30:1800+30"]

1. e4 c6 2. d4 d5 3. e5 Bf5 4. Nf3 e6 5. Be2 h6 6. O-O Ne7 7. Nbd2 Nd7 8. Nb3 g5 9. Ne1 Bg6 10. c3 Bg7 11. Nd3 Qc7 12. f4 Bxd3 13. Bxd3 c5 14. Bb5 Nc6 15. Qh5 c4 16. Bxc6 bxc6 17. fxg5 O-O-O 18. Qxf7 Bxe5 19. dxe5 cxb3 20. Qxe6 hxg5 21. axb3 Rde8 22. Qd6 Qb6+ 23. Kh1 Rxe5 24. Bd2 Rhe8 25. Rf7 Nb8 26. Raf1 c5 27. Qxb6 axb6 28. h3 Nd7 29. Rg7 Re2 30. Bxg5 Rxb2 31. Rff7 Ne5 32. Rc7+ Kb8 33. Bf4 d4 34. cxd4 cxd4 35. Rb7+ Ka8 36. Ra7+ Kb8 37. Rae7 Rxe7 38. Rxe7 Rb1+ 39. Kh2 d3 40. Bxe5+ Kc8 41. Rc7+ Kd8 42. Rc3 Rd1 43. Bf4 Ke7 44. h4 Ke6 45. Rc6+ Kf5 46. Bg5 Ke5 47. Rc8 Rb1 48. Rd8 Rxb3 49. h5 Kf5 50. h6 Kg6 51. Rd6+ 1-0

[Event "WSCC 50 Open 2017"]
[Site "?"]
[Date "2017.11.14"]
[Round "7"]
[White "Bergstrom, Rolf"]
[Black "Bischoff, Klaus"]
[Result "0-1"]
[WhiteElo "2270"]
[BlackElo "2513"]
[Annotator "TA"]
[PlyCount "90"]
[EventDate "2017.??.??"]
[EventType "swiss"]
[EventCountry "ITA"]
[SourceTitle "Acqui Terme"]

{[%evp 19,90,-15,-14,-35,-40,-41,-20,-34,-24,-61,-77,-112,-81,-91,-56,-64,-59,-58,-68,-64,-57,-90,-84,-122,-114,-128,-126,-124,-119,-166,-158,-240,-248,-235,-217,-216,-208,-205,-202,-356,-354,-339,-318,-337,-333,-355,-342,-466,-473,-697,-692,-681,-686,-925,-893,-1134,-948,-916,-908,-862,-860,-1042,-1066,-5597,-887,-846,-867,-889,-847,-1001,-1021,-970,-975]} 1. e4 e6 2. d4 d5 3. e5 c5 4. c3 Bd7 5. Nf3 Qb6 6. Bd3 cxd4 7. cxd4 Nc6 8. O-O Nxd4 9. Nbd2 Nxf3+ {C02: French: Advance Variation} (9... Nc6 10. Nb3 Nge7 11. Be3 Qd8 12. Nc5 Rb8 13. Rc1 Ng6 14. Bb5 Be7 15. Nxd7 Qxd7 16. Bxa7 Ra8 17. Be3 Rxa2 {1-0 (49) Topalov,V (2752)-Morozevich,A (2770) Astana 2012}) 10. Nxf3 h6 {LiveBook: 4 Games} 11. Be3 Bc5 {Black is slightly better.} 12. Bxc5 Qxc5 13. Rc1 Qb6 14. b4 $146 ({Predecessor:} 14. Qe2 Ne7 15. Rfd1 O-O 16. Nd4 Nc6 17. Nb3 {0-1 (50) Gaspar Calvo,L (1892)-Fabre Perez,J (2038) Zaragoza 2015}) 14... Ne7 15. a3 a6 16. Re1 Nc6 17. Qd2 Nd4 18. Nxd4 Qxd4 19. Rc7 {[#] Rxd7! is the strong threat.} Qb6 $1 {[%cal Rb6c7]} 20. Rc5 Ke7 21. Qc3 Rhc8 22. Rc1 Rxc5 23. bxc5 Qc7 24. f4 Bb5 25. a4 (25. Kf2 $17) 25... Bxa4 $19 26. f5 {intending c6!} exf5 27. Bxf5 Re8 28. e6 f6 29. Qd4 $2 (29. Qb4 {was called for.} Bc6 30. Re1) 29... Qe5 30. Qf2 Bc6 31. Re1 Qc3 32. Kh1 d4 33. Rd1 Qe3 {Black is clearly winning.} 34. Qh4 {[#]} (34. Kg1 $142) 34... Bxg2+ $1 {[%mdl 512]} 35. Kxg2 Qe2+ 36. Kg3 Qxd1 {[%mdl 4096] Endgame KQR-KQB} 37. Qf4 Qe1+ 38. Kg2 Qe2+ 39. Kh1 Qe5 40. Qf3 Rc8 41. Qh5 Rf8 42. Qf3 Qc7 43. Qg4 g5 44. Qf3 Qc6 45. Be4 Qxc5 {Precision: White = 33%, Black = 80%.} 0-1

[Event "WSCC 50 Open 2017"]
[Site "?"]
[Date "2017.11.14"]
[Round "7"]
[White "Belmont Hernandez, Andres"]
[Black "Bagaturov, Giorgi"]
[Result "0-1"]
[WhiteElo "2076"]
[BlackElo "2399"]
[PlyCount "96"]
[EventDate "2017.??.??"]
[EventType "swiss"]
[EventCountry "ITA"]
[SourceTitle "Acqui Terme"]
[TimeControl "40/5400+30:1800+30"]
[WhiteClock "0:08:23"]
[BlackClock "0:16:19"]

1. e4 {[%emt 0:00:00]} c5 {[%emt 0:00:10]} 2. Nf3 {[%emt 0:00:00]} e6 {[%emt 0:03:14]} 3. Nc3 {[%emt 0:00:38]} Nc6 {[%emt 0:02:13]} 4. g3 {[%emt 0:04:32]} Nf6 {[%emt 0:01:32]} 5. Bg2 {[%emt 0:00:11]} d6 {[%emt 0:01:31]} 6. O-O {[%emt 0:00:47]} Be7 {[%emt 0:01:32]} 7. d4 {[%emt 0:02:54]} cxd4 {[%emt 0:00:23]} 8. Nxd4 {[%emt 0:00:08]} Bd7 {[%emt 0:00:51]} 9. Ndb5 {[%emt 0:03:29]} Qb8 {[%emt 0:00:50]} 10. Bf4 {[%emt 0:05:13]} Ne5 {[%emt 0:02:16]} 11. a4 {[%emt 0:06:34]} O-O {[%emt 0:02:38]} 12. Bg5 {[%emt 0:04:43]} a6 {[%emt 0:08:49]} 13. Na3 {[%emt 0:04:59]} b5 {[%emt 0:05:55]} 14. f4 {[%emt 0:06:45]} Neg4 {[%emt 0:01:37]} 15. Bxf6 {[%emt 0:06:08]} Nxf6 {[%emt 0:01:54]} 16. e5 {[%emt 0:03:43]} dxe5 {[%emt 0:09:31]} 17. fxe5 {[%emt 0:01:15]} Qxe5 {[%emt 0:04:13]} 18. axb5 {[%emt 0:07:53]} axb5 {[%emt 0:07:42]} 19. Rxf6 {[%emt 0:05:12]} Bxf6 {[%emt 0:07:12]} 20. Bxa8 {[%emt 0:04:51]} Rxa8 {[%emt 0:13:23]} 21. Qxd7 {[%emt 0:02:40]} b4 {[%emt 0:04:09]} 22. Qc6 {[%emt 0:02:21]} Qb8 {[%emt 0:04:42]} 23. Nd1 {[%emt 0:11:10]} h6 {[%emt 0:05:14]} 24. c3 {[%emt 0:01:53]} bxa3 {[%emt 0:00:47]} 25. Rxa3 {[%emt 0:00:14]} Rxa3 {[%emt 0:00:14]} 26. bxa3 {[%emt 0:00:02]} Qa7+ {[%emt 0:02:28]} 27. Kf1 {[%emt 0:00:21]} Qxa3 {[%emt 0:00:13]} 28. Qe8+ {[%emt 0:01:52]} Qf8 {[%emt 0:00:34]} 29. Qxf8+ {[%emt 0:00:18]} Kxf8 {[%emt 0:00:04]} 30. g4 {[%emt 0:00:08]} Ke7 {[%emt 0:00:10]} 31. Ke2 {[%emt 0:00:11]} Kd6 {[%emt 0:00:36]} 32. Ke3 {[%emt 0:02:10]} Kd5 {[%emt 0:01:10]} 33. Kd3 {[%emt 0:00:14]} Ke5 {[%emt 0:00:21]} 34. c4 {[%emt 0:05:29]} Be7 {[%emt 0:01:31]} 35. Nf2 {[%emt 0:03:10]} f5 {[%emt 0:02:13]} 36. gxf5 {[%emt 0:00:45]} exf5 {[%emt 0:00:06]} 37. Nd1 {[%emt 0:00:51]} g5 {[%emt 0:01:32]} 38. Ne3 {[%emt 0:01:34]} Bc5 {[%emt 0:00:46]} 39. Nf1 {[%emt 0:00:59]} g4 {[%emt 0:02:47]} 40. Ng3 {[%emt 0:02:52]} Bf2 {[%emt 0:31:49]} 41. Nf1 {[%emt 0:03:25]} h5 {[%emt 0:00:00]} 42. Ke2 {[%emt 0:06:54]} Bg1 {[%emt 0:00:00]} 43. h3 {[%emt 0:02:42]} f4 {[%emt 0:00:00]} 44. Nd2 {[%emt 0:01:45]} Bc5 {[%emt 0:00:00]} 45. hxg4 {[%emt 0:01:15]} hxg4 {[%emt 0:00:00]} 46. Kd3 {[%emt 0:02:28]} f3 {[%emt 0:00:00]} 47. Ne4 {[%emt 0:06:19]} f2 {[%emt 0:00:00]} 48. Nd2 {[%emt 0:01:40]} g3 {[%emt 0:00:00] Kd4+} 0-1

[Event "WSCC 50 Open 2017"]
[Site "?"]
[Date "2017.11.14"]
[Round "7"]
[White "Vepkhvishvili, Varlam"]
[Black "Buchal, Stephan"]
[Result "1-0"]
[WhiteElo "2048"]
[BlackElo "2347"]
[PlyCount "115"]
[EventDate "2017.??.??"]
[EventType "swiss"]
[EventCountry "ITA"]
[SourceTitle "Acqui Terme"]
[TimeControl "40/5400+30:1800+30"]
[WhiteClock "1:02:53"]
[BlackClock "0:00:55"]

1. e4 {[%emt 0:00:00]} g6 {[%emt 0:00:11]} 2. d4 {[%emt 0:00:00]} Bg7 {[%emt 0:00:06]} 3. Nc3 {[%emt 0:00:00]} d6 {[%emt 0:00:09]} 4. Be2 {[%emt 0:00:57]} a6 {[%emt 0:01:12]} 5. a4 {[%emt 0:00:45]} b6 {[%emt 0:02:24]} 6. f4 {[%emt 0:00:27]} Nd7 {[%emt 0:05:40]} 7. g4 {[%emt 0:01:21]} e5 {[%emt 0:02:16]} 8. dxe5 {[%emt 0:01:18]} dxe5 {[%emt 0:09:23]} 9. f5 {[%emt 0:02:53]} Qh4+ {[%emt 0:05:47]} 10. Kf1 {[%emt 0:01:14]} Bb7 {[%emt 0:04:37]} 11. Be3 {[%emt 0:00:48]} gxf5 {[%emt 0:05:19]} 12. Bf2 {[%emt 0:01:27]} Qh6 {[%emt 0:06:58]} 13. gxf5 {[%emt 0:00:28]} Ne7 {[%emt 0:03:49]} 14. Bf3 {[%emt 0:00:48]} Rd8 {[%emt 0:10:42]} 15. Qe2 {[%emt 0:02:45]} Qd6 {[%emt 0:04:27]} 16. Nh3 {[%emt 0:02:46]} Qb4 {[%emt 0:01:46]} 17. Nd1 {[%emt 0:02:55]} Nf6 {[%emt 0:09:48]} 18. c3 {[%emt 0:00:58]} Qd6 {[%emt 0:00:43]} 19. Rg1 {[%emt 0:01:20]} Bh6 {[%emt 0:02:43]} 20. Bh4 {[%emt 0:00:23]} Qc6 {[%emt 0:02:57]} 21. Ndf2 {[%emt 0:01:59]} Rd2 {[%emt 0:01:17]} 22. Qe1 {[%emt 0:00:43]} Nxf5 {[%emt 0:09:41]} 23. exf5 {[%emt 0:00:54]} Qc4+ {[%emt 0:00:23]} 24. Be2 {[%emt 0:01:34]} Qxh4 {[%emt 0:00:25]} 25. Rd1 {[%emt 0:01:00]} Rxd1 {[%emt 0:02:38]} 26. Qxd1 {[%emt 0:01:04]} Ke7 {[%emt 0:01:43]} 27. Qb3 {[%emt 0:01:29]} Rd8 {[%emt 0:02:04]} 28. a5 {[%emt 0:00:45]} b5 {[%emt 0:01:50]} 29. c4 {[%emt 0:00:19]} Qd4 {[%emt 0:03:14]} 30. cxb5 {[%emt 0:01:09]} axb5 {[%emt 0:00:41]} 31. Qxb5 {[%emt 0:00:14]} Bd5 {[%emt 0:00:35]} 32. Rg3 {[%emt 0:01:30]} c6 {[%emt 0:00:07]} 33. Qb7+ {[%emt 0:07:28]} Rd7 {[%emt 0:00:01]} 34. Qb8 {[%emt 0:00:08]} Rd8 {[%emt 0:00:09]} 35. Qb7+ {[%emt 0:00:37]} Rd7 {[%emt 0:00:01]} 36. Qb8 {[%emt 0:00:07]} e4 {[%emt 0:01:23]} 37. a6 {[%emt 0:01:07]} e3 {[%emt 0:00:36]} 38. Ng4 {[%emt 0:00:24]} Ne4 {[%emt 0:01:06]} 39. Nxh6 {[%emt 0:01:21]} Nxg3+ {[%emt 0:00:04]} 40. hxg3 {[%emt 0:00:14]} Rd8 {[%emt 0:31:00]} 41. a7 {[%emt 0:36:12]} c5 {[%emt 0:00:00]} 42. Nf4 {[%emt 0:00:00]} Ba8 {[%emt 0:00:00]} 43. Qc7+ {[%emt 0:00:00]} Rd7 {[%emt 0:00:00]} 44. Qb6 {[%emt 0:00:00]} Rd6 {[%emt 0:00:00]} 45. Qc7+ {[%emt 0:00:00]} Rd7 {[%emt 0:00:00]} 46. Qb8 {[%emt 0:00:00]} Rd8 {[%emt 0:00:00]} 47. Ng4 {[%emt 0:00:00]} Re8 {[%emt 0:00:00]} 48. Nd3 {[%emt 0:00:00]} Kf8 {[%emt 0:01:27]} 49. Qb6 {[%emt 0:00:00]} h5 {[%emt 0:02:59]} 50. Qh6+ {[%emt 0:00:00]} Ke7 {[%emt 0:00:03]} 51. Qxh5 {[%emt 0:00:00]} Be4 {[%emt 0:01:04]} 52. f6+ {[%emt 0:00:00]} Kd6 {[%emt 0:00:23]} 53. Ne1 {[%emt 0:00:00]} Bd5 {[%emt 0:00:33]} 54. Qf5 {[%emt 0:00:00]} Rh8 {[%emt 0:00:20]} 55. Bf3 {[%emt 0:00:07]} Bc4+ {[%emt 0:00:42]} 56. Kg1 {[%emt 0:01:01]} Qxb2 {[%emt 0:00:32]} 57. Qf4+ {[%emt 0:00:22]} Kd7 {[%emt 0:00:07]} 58. Qxc4 {[%emt 0:00:46]} 1-0

[Event "WSCC 50 Open 2017"]
[Site "?"]
[Date "2017.11.15"]
[Round "8"]
[White "Sturua, Zurab"]
[Black "Prie, Eric"]
[Result "0-1"]
[WhiteElo "2536"]
[BlackElo "2482"]
[Annotator "TA"]
[PlyCount "108"]
[EventDate "2017.??.??"]
[EventType "swiss"]
[EventCountry "ITA"]
[SourceTitle "Acqui Terme"]

{[%evp 11,108,-8,13,7,14,15,19,21,13,16,20,12,39,18,35,20,14,15,20,18,27,23,60,-7,0,0,0,-11,-18,-37,-7,-53,-62,-57,-47,-82,0,-4,-8,-1,-14,-9,3,0,0,0,23,24,17,0,8,8,6,8,9,0,0,0,0,-55,-20,-333,-329,-339,-334,-302,-275,-273,-259,-311,-270,-289,-281,-326,-289,-356,-366,-329,-127,-312,-177,-477,-417,-777,-776,-777,-687,-601,-578,-777,-769,-762,-760,-726,-715,-684,-653,-604,-587]} 1. c4 e5 2. Nc3 Nf6 3. g3 Bb4 4. Bg2 O-O 5. Nf3 Re8 6. O-O h6 {LiveBook: 21 Games} 7. Ne1 {A22: English Opening: 1...e5 2 Nc3 Nf6} (7. d3 c6 8. e4 d5 9. cxd5 cxd5 10. Nxd5 Nxd5 11. exd5 Qxd5 12. Be3 Nc6 13. Nd4 Qd6 14. Nxc6 bxc6 {½-½ (31) Sadvakasov,D (2627)-Filippov,A (2620) Guangzhou 2010}) 7... d6 $146 ({Predecessor:} 7... Nc6 8. Nc2 Bxc3 9. dxc3 d6 10. e4 a5 11. a4 Nd7 12. Be3 b6 13. f4 exf4 14. gxf4 Bb7 {½-½ (42) Neuman,P (2413)-Cvek,R (2509) Havlickuv Brod 2006}) 8. Nc2 a5 {[%cal Ba7a5,Ba5b4][%mdl 32]} 9. d3 {The position is equal.} Nc6 10. Nxb4 axb4 11. Nd5 Bg4 12. h3 Bh5 13. Bd2 e4 {[#] Hoping for ...exd3.} 14. g4 (14. Nxb4 $2 exd3 15. Nxc6 bxc6 $17) 14... Bg6 $1 15. Nxb4 Nxb4 16. Bxb4 h5 17. f3 (17. g5 $14 Nd7 18. h4) 17... exf3 18. exf3 Re3 19. d4 d5 20. Qc1 Re2 21. Rf2 Rxf2 22. Kxf2 dxc4 23. Qxc4 {[#]} Nd5 (23... Ra6 $1 $17 {...Nd5 is the strong threat.} 24. Bc3 Nd5) 24. Bd2 $1 $11 c6 25. Kg1 Qb6 26. b3 Re8 27. f4 hxg4 28. hxg4 Be4 29. Re1 Nf6 30. Bh3 {With the idea g5.} Bd5 31. Rxe8+ Nxe8 32. Qd3 Nd6 33. f5 Qa7 34. a4 Ne4 35. Be3 ({White should try} 35. Be1 $11) 35... Qa5 {[%mdl 1024] Black has compensation.} 36. Bf1 $2 {[%mdl 8192]} (36. Bf2 $11 {and White is okay.}) 36... Qe1 $19 {Threatens to win with ...Qg3+.} 37. Qe2 Qg3+ 38. Bg2 {Now Qf3 and White clings on.} Nf6 {And now ...Bxg2 would win.} (38... Bxb3 39. Bf4 $17) 39. Qf2 Qxg4 40. a5 Qd1+ ({Weaker is} 40... Bxb3 41. Qf3 $17) 41. Qf1 Qxb3 42. Bg5 Ne4 43. Qf4 Qd1+ 44. Kh2 Qxd4 $2 (44... Nxg5 $19 {is more deadly.} 45. Qxg5 Qxd4 46. Qd8+ Kh7 47. Bxd5 Qxd5 48. Qh4+ Kg8) 45. Bh4 $2 (45. Bxe4 $17 Bxe4 46. Bh4) 45... Qd2 (45... Qb2 $142 46. Qb8+ Kh7) 46. Qg4 $2 (46. Qxd2 Nxd2 47. Be1) 46... Nd6 47. f6 (47. Qg5 $142 Qe2 48. f6) 47... Qxg2+ {Black is clearly winning.} 48. Qxg2 Bxg2 49. Kxg2 {[%mdl 4096] Endgame KB-KN} Nc4 50. Be1 gxf6 51. Kf3 Kf8 52. Bb4+ Ke8 53. Ke4 Kd7 54. Kf5 Ne3+ {Precision: White = 28%, Black = 48%.} 0-1

[Event "WSCC 50 Open 2017"]
[Site "?"]
[Date "2017.11.15"]
[Round "8"]
[White "Bischoff, Klaus"]
[Black "Granda Zuniga, Julio E"]
[Result "0-1"]
[WhiteElo "2513"]
[BlackElo "2650"]
[Annotator "TA"]
[PlyCount "78"]
[EventDate "2017.??.??"]
[EventType "swiss"]
[EventCountry "ITA"]
[SourceTitle "Acqui Terme"]

{[%evp 15,78,16,14,12,7,0,30,18,33,11,38,38,37,10,12,0,0,0,0,0,0,0,0,0,0,0,0,0,0,0,0,0,0,0,7,0,0,0,0,0,159,70,71,69,62,80,77,66,73,66,64,0,0,-75,-18,-208,-201,-218,-147,-200,-110,-174,-185,-626,-613]} 1. c4 c5 2. g3 Nc6 3. Bg2 g6 4. Nc3 Bg7 5. a3 d6 6. Rb1 Nf6 7. d3 a5 8. Bd2 {A36: Symmetrical English vs ...g6: 4 Bg2 Bg7} (8. Nf3 Bd7 9. O-O Qc8 10. Bg5 Bh3 11. Bxf6 Bxf6 12. Nd5 Bxg2 13. Kxg2 Rb8 14. b4 axb4 15. axb4 cxb4 16. Nxb4 {½-½ (82) Nisipeanu,L (2668)-Skoberne,J (2572) Bled 2016}) 8... O-O {LiveBook: 12 Games} 9. Nh3 {[%cal Bg1h3,Bh3g5,Bg5e4][%mdl 32]} e6 10. O-O {The position is equal.} Bd7 $146 ({Predecessor:} 10... Ne8 11. Qc1 Nd4 12. b3 Qb6 13. Qd1 Bd7 14. e3 {1-0 (47) Micheli,C (2300)-Cerchiari,F Italy 1993}) 11. Ng5 Ne8 12. Nb5 a4 13. Ne4 Qb8 14. Nec3 Nd4 $1 15. Nxd4 cxd4 16. Nb5 Bxb5 17. cxb5 Nc7 18. b6 Nb5 $1 19. Rc1 d5 20. Rc5 Qe8 21. Bf4 {And now Qd2 would win.} Qd7 $1 22. Qd2 Rfc8 $1 {[%cal Rc8c5]} 23. Rxc8+ Qxc8 24. Rc1 Qd7 25. Bc7 Bf8 26. h4 h5 27. Be5 Ra6 $2 (27... Bd6 $11 28. Bf6 Be7) 28. Qf4 (28. Qg5 $16 {Intending Qf6 and mate.} Bg7 29. g4 Bxe5 30. Qxe5 hxg4 31. h5 gxh5 32. Qg5+ (32. Qxh5 Rxb6 33. Qxg4+ Kf8 $16) 32... Kf8 33. Qxh5) 28... Bd6 $14 29. g4 $1 hxg4 30. h5 Rxb6 31. hxg6 fxg6 32. Bxd6 $40 {[%mdl 128] White is up to no good.} Rxd6 33. Qh6 (33. Rc5 $1 $14 Nc7 34. Qxd4) 33... Qe8 $11 34. Kh2 (34. Rc5 $11 {remains equal.}) 34... Rd7 (34... Rc6 $17 35. Rh1 Nd6) 35. Kg3 $2 {[#]} (35. Qg5 $11) 35... Nd6 $1 $19 {[%cal Rd6f5] Strongly threatening ...Nf5+.} 36. Qg5 Nf5+ 37. Kxg4 (37. Kh2 $17) 37... Kg7 ({Black should try} 37... e5 $19 38. Qf6 Ng7) 38. Rh1 (38. Kf3 $17) 38... e5 {[%cal Be6e5,Be5e4][%mdl 32]} 39. Bh3 $2 {[#]} (39. Rc1) 39... e4 $1 {Precision: White = 44%, Black = 70%.} 0-1